Enrique IV

保存先:
書誌詳細
第一著者: Pirandello, Luigi (著者)
フォーマット: 図書
言語:スペイン語
出版事項: Buenos Aires Ediciones Losange 1957
主題:
タグ: タグ追加
タグなし, このレコードへの初めてのタグを付けませんか!

MARC

LEADER 00000nam a2200000 a 4500
001 UCZ1511
003 CL-VaPUC
008 950824e19570000AG |||||||||||||||||spa|d
082 0 4 |a 852  |b PIR  |2 21 
100 0 |a Pirandello, Luigi  |e author  |9 338032 
245 1 0 |a Enrique IV 
300 |a 78 p 
942 |c BK 
945 |d 19950824 00:00:00  |a rbrito 
260 |a Buenos Aires  |b Ediciones Losange  |c 1957 
650 7 |a DRAMA ITALIANO  |2 CL-VaPUC  |9 345074 
583 |a last modification  |c 19950824 00:00:00  |k Rodrigo Vera 
999 |c 238251  |d 238249 
952 |0 0  |1 0  |4 0  |6 852_000000000000000_PIR_1957  |7 0  |8 A  |9 248286  |a BIBEDU  |b BIBEDU  |d 2019-11-18  |i 3106616  |o 852 PIR 1957  |p 3106616  |r 2019-11-18  |w 2019-11-18  |y BK  |k LIT 
952 |0 0  |1 0  |4 0  |6 852_000000000000000_PIR_1957  |7 0  |8 P  |9 248287  |a BIBARQ  |b BIBARQ  |d 2019-11-18  |i 2651998  |o 852 PIR 1957  |p 2651998  |r 2025-01-20  |w 2019-11-18  |y BK  |k ARQ